00548nam a2200169Ia 4500003000400000008004100004040001600045082001800061100003200079245010700111260005000218300000900268650001000277650002000287650003600307650003500343GCL140319s9999 xx 000 0 eng d aGCL / cGCL04a951.9043bK R1 aKOREAN OVERSEAS INFORMATION10aREFORM AND CHANGE, FOUR YEARS OF THE NEW KOREA 1993, 1994, 1995, 1996 / cKOREAN OVERSEAS INFORMATION a[S.N] : bKOREAN OVERSEAS INFORMATION SERVICE a71 P04aKOREA04aKOREA - HISTORY04aKOREA - POLITICS AND GOVERNMENT04aKOREA - HISTORY - 20TH CENTURY